01371cam a2200265 a 45000010005000000030008000050050017000130080041000300350050000710400027001210410008001480820025001561100018001812450461001992460056006602600038007163000037007545040019007916100018008106500062008287000042008909420012009329990015009449520146009594193BD-RjUL20211208233841.0131222s1951 ii k 00| 0 eng d aOCLC ocm19449243 from D970110Ma(BD-RjUL)4227 cMLLdEQOaBD-RjULbeng aeng 221a346.45bLAW 19511 aIndia.91329910aLaw & practice of co-operative societies in India :bAct II of 1912 : being an encyclopaedia of co-operation, illuminating notes on the Co-operative societies act, with all up-to-date amendments and rules made by different states with copious notes and the latest case-law and throwing a flood of light on the growth and development of co-operation in diverse fields in the different states with particular reference to banking and audit /cby L.S. Sastri.3 aLaw and practice of co-operative societies in India aAllahabad :bLaw Book Co.,c1951. axxiii, 721 p. :bforms ;c25 cm. aincludes index10aIndia.913300 0aCooperative societiesxLaw and legislationzIndia.9132981 aSastri, L. S.q(L. Subrahmanya)99025 2ddccBK c4193d4193 00102ddc40718NFICaRUCLbRUCLcReadingd1955-07-12elaw book companyg30.00l0o346.45 LAW 1951r2013-12-22 00:00:00tC-1w2021-12-08yBK